000 01723nam a22002657a 4500
003 UA-OsUOA
001 129197
007 ta
008 20180220b un ||||| |||| 00| 0 ukr d
100 _aГон М.
090 _a908:94(477.81)
_bГ65
942 _cBK
040 _aUA-OsUOA
_bukr
_cUA-OsUOA
_dUA-OsUOA
245 _aМісто пам'яті - місто забуття:палімпсести меморіального ландшафту Рівного
_bмонографія
_cП. Долганов, Н. Івчик
300 _a232 с.
955 _a1
041 _aukr
080 _a908:94(477.81)
020 _a978-966-416-511-9
520 3 _aЗміст1. Символічний простір: сутність, функції та суб'єкти формування2. "М'яка" деколонізація: формування символічного простору Рівного у період незалежності3. Символічний простір міста у період декомунізації4. Гендерний ракурс символічного пр
520 3 _aЗміст1. Символічний простір: сутність, функції та суб'єкти формування2. "М'яка" деколонізація: формування символічного простору Рівного у період незалежності3. Символічний простір міста у період декомунізації4. Гендерний ракурс символічного пр
260 _aРівне
_bВолинські обереги
_c2017
650 7 _a908 Краєзнавство
_2UDC
999 _c391931
_d391931